Charters and by-laws (Record no. 105286)

MARC details
000 -LEADER
fixed length control field 00552cam a22001815a 4500
001 - CONTROL NUMBER
control field ##L132943
008 - FIXED-LENGTH DATA ELEMENTS--GENERAL INFORMATION
fixed length control field 060324s1932 000 0 eng u
035 ## - SYSTEM CONTROL NUMBER
System control number (Sirsi) u132943
041 0# - LANGUAGE CODE
Language code of text/sound track or separate title eng
050 04 - LIBRARY OF CONGRESS CALL NUMBER
Classification number 333.0062 $2 18
110 2# - MAIN ENTRY--CORPORATE NAME
Corporate name or jurisdiction name as entry element Chartered Surveyors' Institution
9 (RLIN) 2274
245 00 - TITLE STATEMENT
Title Charters and by-laws
260 ## - PUBLICATION, DISTRIBUTION, ETC.
Place of publication, distribution, etc. London
Name of publisher, distributor, etc. Chartered Surveyors' Institution
Date of publication, distribution, etc. 1932
300 ## - PHYSICAL DESCRIPTION
Extent 50p.
Dimensions 22cm.
651 #4 - SUBJECT ADDED ENTRY--GEOGRAPHIC NAME
Geographic name Great Britain
Chronological subdivision 1707-
690 ## - LOCAL SUBJECT ADDED ENTRY--TOPICAL TERM (OCLC, RLIN)
Topical term or geographic name as entry element ABOUT RICS-RICS STRUCTURE AND GOVERNANCE-RICS REGULATIONS-RICS CONDUCT REGULATIONS
942 ## - ADDED ENTRY ELEMENTS (KOHA)
Suppress in OPAC 0
Holdings
Withdrawn status Lost status Source of classification or shelving scheme Damaged status Not for loan Home library Current library Shelving location Date acquired Total Checkouts Full call number Barcode Date last seen Copy number Price effective from Koha item type
    Dewey Decimal Classification     Historic collection Historic collection RICS Boxes 24/03/2006   RICS 1932 132943-2001 06/08/2019 1 06/08/2019 Archive
    Dewey Decimal Classification     Historic collection Historic collection RICS Boxes 24/03/2006   RICS 1932 132943-2002 06/08/2019 2 06/08/2019 Archive
    Dewey Decimal Classification     Historic collection Historic collection RICS Boxes 24/03/2006   RICS 1932 132943-2003 06/08/2019 3 06/08/2019 Archive
    Dewey Decimal Classification     Historic collection Historic collection RICS Boxes 08/06/2006   RICS 1932 132943-2004 06/08/2019 4 06/08/2019 Archive